000 00323 a2200157 4500
001 64326
020 _a9788555340151
040 _cAnchieta - Pituba
100 _aGeorgakopoulos, Frini
240 1 0 _aSou fã
_lpor
245 1 0 _aSou fã
300 _a159
362 0 _a2016
650 4 _aLiteratura juvenil
942 _cBK
999 _c64326
_d64326